LEADER 00959nam a2200253 i 4500 001 000000045434 003 CaOOAMICUS 005 20071004000000.0 008 071004s1976 it u000 u ita u 013 $a16604 040 $aSeMil$bita 100 1 $aDolfi, Anna.$0(OLS)http://semarc/name/22598 245 10$a[Arturo Onofri /$cdi Anna Dolfi]. 260 $aFirenze :$bLa Nuova Italia,$c1976. 300 $a142 p. ;$c17 cm. 490 0 $aIl castoro ;$v115.-116 500 $aContiene : Note bibliografiche ; Notizie biografiche. 650 4$aOnofri, Arturo.$0(OLS)http://semarc/subject/9700 830 3$aIl castoro ;$v115.-116.$0(OLS)http://semarc/title/659 850 $aSeMil 852 $aSeMil$W1$xVenegono$y1$m1L II 107$j11589$B11589$CSeMilBibl$Z2$F11589 $81 961 $aOmaggio: Ciprandi dott. Paolo 996 $6245$a[Arturo Onofri$9(OLS)http://semarc/title/67542 996 $6260$aFirenze :$bLa Nuova Italia$9(OLS)http://semarc/publisher/30055 LEADER 01256nam a2200265 i 4500 001 000000119536 003 CaOOAMICUS 005 20080311000000.0 008 080311s1993 it u000 u ita u 013 $a92230 040 $aSeMil$bita 100 1 $aBasetti-Sani, Giulio .$0(OLS)http://semarc/name/45846 245 13$aLa cristofania della Verna e le stimmate di san Francesco per il mondo musulmano /$cGiulio Basetti-Sani. 260 $aNegarine di S. Pietro in Cariano (Verona) :$bIl Segno,$c1993. 300 $a146 p. :$bill. ;$c21 cm. 490 0 $aTestimoni di un'Europa senza frontiere ;$v3 500 $aFondo Card. C.M. Martini. 650 4$aFrancesco : d'Assisi - Islamismo.$0(OLS)http://semarc/subject/22392 830 0$aTestimoni di un'Europa senza frontiere ;$v3.$0(OLS)http://semarc/title/13196 850 $aSeMil 852 $aSeMil$W1$xVenegono$y1$m2R III 55$j74743$B74743$CSeMilBibl$Z2$F98423 $81 941 1 $a4 961 $aOmaggio: Martini Card. Carlo Maria 996 $6245$aLa cristofania della Verna e le stimmate di san Francesco per il mondo musulmano$9(OLS)http://semarc/title/175691 996 $6260$aNegarine di S. Pietro in Cariano (Verona) :$bIl Segno$9(OLS)http://semarc/publisher/32724